[Event "ARG-ch sf 98th"]
[Site "Buenos Aires"]
[Date "2023.05.07"]
[Round "9"]
[White "Sasson, Maximiliano"]
[Black "Llanos, Guillermo"]
[Result "0-1"]
[WhiteElo "2133"]
[BlackElo "2290"]
[PlyCount "52"]
[EventDate "2023.04.29"]
[EventType "swiss"]
[EventRounds "9"]
[EventCountry "ARG"]
[SourceTitle "EXT 2024"]
[Source "ChessBase"]
[SourceDate "2023.10.10"]
[SourceVersion "1"]
[SourceVersionDate "2023.10.10"]
[SourceQuality "1"]

1. e4 d5 2. exd5 Qxd5 3. Nc3 Qd6 4. d4 Nf6 5. Nf3 c6 6. g3 Bf5 7. Bg2 e6 8. Ne5 Nbd7 9. g4 Bg6 10. f4 Qc7 11. h4 Bb4 12. Qe2 Nxe5 13. dxe5 Nd5 14. Bxd5 Bxc3+ 15. bxc3 cxd5 16. Qb5+ Kf8 17. Qb4+ Kg8 18. f5 Qxe5+ 19. Kf2 Bxf5 20. Bf4 Qe4 21. gxf5 Qxf5 22. Kg3 Rc8 23. Rhf1 h5 24. Bg5 Qxc2 25. Rf3 Rc4 26. Rc1 Qe2 0-1

[Event "ARG-ch sf 98th"]
[Site "Buenos Aires"]
[Date "2023.05.06"]
[Round "8"]
[White "Beredjiklian, Mariano"]
[Black "Sasson, Maximiliano"]
[Result "0-1"]
[WhiteElo "1911"]
[BlackElo "2133"]
[PlyCount "84"]
[EventDate "2023.04.29"]
[EventType "swiss"]
[EventRounds "9"]
[EventCountry "ARG"]
[SourceTitle "CBM 214 Extra"]
[Source "ChessBase"]
[SourceDate "2023.07.31"]
[SourceVersion "1"]
[SourceVersionDate "2023.07.31"]
[SourceQuality "1"]

1. d4 Nf6 2. Nf3 e6 3. Bg5 c5 4. e3 b6 5. Bd3 cxd4 6. exd4 Be7 7. 0-0 0-0 8. Qe2 Bb7 9. Nbd2 d6 10. c3 Nbd7 11. Rfe1 Re8 12. a4 e5 13. Ba6 Qc8 14. Bxb7 Qxb7 15. dxe5 dxe5 16. Nc4 e4 17. Nd4 Qd5 18. Bh4 Rac8 19. Ne3 Qb7 20. a5 g6 21. axb6 axb6 22. Qa6 Qxa6 23. Rxa6 Kg7 24. Rea1 Bc5 25. Nec2 Nd5 26. h3 Ne5 27. Ra7 Nd3 28. Rd7 Nf6 29. Bxf6+ Kxf6 30. Raa7 Re7 31. Rxe7 Bxe7 32. Rb7 Bc5 33. b4 Bxd4 34. Nxd4 Rxc3 35. Rxb6+ Ke5 36. Nc6+ Kf4 37. g3+ Kg5 38. Nd4 Rc1+ 39. Kg2 f5 40. Ne6+ Kh6 41. Nf4 Ne1+ 42. Kf1 Nf3+ 0-1

[Event "ARG-ch sf 97th"]
[Site "Buenos Aires"]
[Date "2022.09.10"]
[Round "4"]
[White "Slipak, Sergio"]
[Black "Sasson, Maximiliano"]
[Result "1-0"]
[WhiteElo "2378"]
[BlackElo "2130"]
[PlyCount "53"]
[EventDate "2022.09.08"]
[EventType "swiss"]
[EventRounds "9"]
[EventCountry "ARG"]
[SourceTitle "CBM 210 Extra"]
[Source "ChessBase"]
[SourceDate "2022.11.30"]
[SourceVersion "1"]
[SourceVersionDate "2022.11.30"]
[SourceQuality "1"]

1. d4 Nf6 2. Nf3 g6 3. Bg5 Bg7 4. e3 c5 5. c3 b6 6. Nbd2 Bb7 7. Be2 0-0 8. 0-0 d6 9. a4 a6 10. b4 cxd4 11. cxd4 Nd5 12. Qb3 h6 13. Bh4 Nd7 14. Rac1 g5 15. Bg3 e5 16. Rfd1 Qe7 17. dxe5 dxe5 18. e4 N5f6 19. Rc7 Ra7 20. Nxe5 Bd5 21. exd5 Rxc7 22. d6 Qxd6 23. Ng6 Qd4 24. Ne7+ Kh8 25. Bxc7 Ne4 26. Nxe4 Qxe4 27. Qe3 1-0

[Event "ARG-ch sf 97th"]
[Site "Buenos Aires"]
[Date "2022.09.09"]
[Round "2"]
[White "Pierrot, Juan Facundo"]
[Black "Sasson, Maximiliano"]
[Result "0-1"]
[WhiteElo "2371"]
[BlackElo "2130"]
[PlyCount "78"]
[EventDate "2022.09.08"]
[EventType "swiss"]
[EventRounds "9"]
[EventCountry "ARG"]
[SourceTitle "CBM 210 Extra"]
[Source "ChessBase"]
[SourceDate "2022.11.30"]
[SourceVersion "1"]
[SourceVersionDate "2022.11.30"]
[SourceQuality "1"]

1. d4 Nf6 2. c4 e6 3. Nf3 d5 4. cxd5 exd5 5. Nc3 Be7 6. Bf4 c6 7. Qc2 Nbd7 8. e3 Nh5 9. Nxd5 cxd5 10. Bc7 Bb4+ 11. Kd1 Qe7 12. Bd3 Nhf6 13. Rc1 0-0 14. Ne5 Nb6 15. g4 Bd7 16. g5 Ne4 17. Nxd7 Qxd7 18. Bxe4 dxe4 19. Qxe4 Rfe8 20. Be5 Qa4+ 21. Ke2 Qxa2 22. Qxb7 Qxb2+ 23. Kf3 Be7 24. h4 Qb3 25. Ra1 Qd5+ 26. Qxd5 Nxd5 27. Ra5 Nb4 28. Bg3 a6 29. e4 Rec8 30. d5 Rc3+ 31. Kg4 Bd8 32. Ra4 a5 33. f3 Nd3 34. Rb1 Nc5 35. Ra2 a4 36. Rb5 Nd3 37. Bd6 Bc7 38. Bxc7 Rxc7 39. Rxa4 h5+ 0-1

[Event "ARG-ch sf 95th"]
[Site "Buenos Aires"]
[Date "2020.02.26"]
[Round "5"]
[White "Sasson, Maximiliano"]
[Black "Rodriguez, Jorge Luis"]
[Result "0-1"]
[WhiteElo "2124"]
[BlackElo "2363"]
[PlyCount "112"]
[EventDate "2020.02.22"]
[EventType "swiss"]
[EventRounds "9"]
[EventCountry "ARG"]
[SourceTitle "CBM 195 Extra"]
[Source "ChessBase"]
[SourceDate "2020.05.31"]
[SourceVersion "1"]
[SourceVersionDate "2020.05.31"]
[SourceQuality "1"]

1. e4 e6 2. d4 d5 3. Nc3 Bb4 4. e5 Qd7 5. Bd2 b6 6. Bb5 c6 7. Ba4 a5 8. a3 Bxc3 9. Bxc3 Ba6 10. Qg4 f5 11. Qg3 Qf7 12. Bd2 Bb5 13. Bxb5 cxb5 14. h4 Nc6 15. Qd3 Qd7 16. Ne2 Nge7 17. h5 h6 18. Qg3 Kf7 19. Qf4 Rag8 20. g4 Ke8 21. g5 g6 22. 0-0-0 hxg5 23. Qxg5 gxh5 24. Qf6 Ng6 25. Rdg1 Qf7 26. Bg5 Rh7 27. Rh3 Qxf6 28. Bxf6 Kf7 29. Rgh1 h4 30. c3 b4 31. a4 Rb8 32. Kd2 b5 33. axb5 Rxb5 34. Ng1 bxc3+ 35. bxc3 Nf4 36. Rxh4 Rb2+ 37. Kd1 Rxh4 38. Rxh4 Rxf2 39. Nh3 Nxh3 40. Rxh3 a4 41. Rh7+ Kg6 42. Rg7+ Kh6 43. Rg8 a3 44. Bg5+ Kh5 45. Bc1 a2 46. Ra8 f4 47. Bd2 Rf1+ 48. Be1 f3 49. Rxa2 Na5 50. Rf2 Rxf2 51. Bxf2 Kg4 52. Ke1 Kf4 53. Kd2 Ke4 54. Bg1 Nc4+ 55. Ke1 Ne3 56. Kd2 Ng4 0-1

[Event "Caba Legislatura Cup"]
[Site "Caba"]
[Date "2018.04.10"]
[Round "5"]
[White "Sasson, Maximiliano"]
[Black "Gomez, Carlos David"]
[Result "0-1"]
[WhiteElo "2089"]
[BlackElo "2288"]
[PlyCount "74"]
[EventDate "2018.04.06"]
[EventType "swiss"]
[EventRounds "9"]
[EventCountry "ARG"]
[SourceTitle "CBM 184 Extra"]
[Source "ChessBase"]
[SourceDate "2018.06.28"]
[SourceVersion "1"]
[SourceVersionDate "2018.06.28"]
[SourceQuality "1"]

1. e4 c5 2. Nf3 e6 3. d4 cxd4 4. Nxd4 Nf6 5. Nc3 Nc6 6. Ndb5 d6 7. Bf4 e5 8. Bg5 a6 9. Na3 b5 10. Bxf6 gxf6 11. Nd5 f5 12. Bd3 Be6 13. Qh5 Bg7 14. 0-0 f4 15. c4 bxc4 16. Bxc4 0-0 17. Rac1 Rb8 18. b3 Qd7 19. Rfd1 Kh8 20. Qh4 Bxd5 21. Bxd5 Ne7 22. Nc4 Ng6 23. Qh5 Bf6 24. Nxd6 Qxd6 25. Bxf7 Qxd1+ 26. Qxd1 Rxf7 27. Qd6 Ra8 28. h3 Raa7 29. Kh2 Kg7 30. Rc2 Rfd7 31. Qb8 Rab7 32. Qa8 Rb6 33. Qc8 Rbd6 34. Qc3 Rd3 35. Qa5 Bh4 36. Kg1 Rd1+ 37. Kh2 R7d3 0-1

[Event "Buenos Aires Duchamp Memorial op 4th"]
[Site "Buenos Aires"]
[Date "2012.10.31"]
[Round "9"]
[White "Sasson, Maximiliano"]
[Black "Picollo, Pablo"]
[Result "0-1"]
[WhiteElo "1787"]
[BlackElo "1967"]
[PlyCount "110"]
[EventDate "2012.10.22"]
[EventType "swiss"]
[EventRounds "9"]
[EventCountry "ARG"]
[SourceTitle "EXT 2013"]
[Source "ChessBase"]
[SourceDate "2012.11.22"]
[SourceVersion "1"]
[SourceVersionDate "2012.11.22"]
[SourceQuality "1"]

1. e4 d6 2. d4 Nf6 3. Nc3 g6 4. Bc4 Bg7 5. Nf3 0-0 6. h3 c6 7. a4 d5 8. exd5 cxd5 9. Bb3 Nc6 10. 0-0 h6 11. Bf4 a6 12. Ne5 Be6 13. Re1 Rc8 14. Nxg6 fxg6 15. Rxe6 Qd7 16. Rxf6 exf6 17. Nxd5 Kh7 18. Nb6 Qxd4 19. Qxd4 Nxd4 20. Nxc8 Rxc8 21. Be3 f5 22. Rd1 Nxb3 23. cxb3 Rc7 24. Rd2 g5 25. f4 Re7 26. Kf2 Bf6 27. Rd6 gxf4 28. Bxf4 Bg7 29. Kg3 Rf7 30. Kh4 Re7 31. Kh5 Bxb2 32. Rxh6+ Kg7 33. Rg6+ Kh7 34. Kg5 Rf7 35. h4 Ba3 36. Rh6+ Kg7 37. Be5+ Kf8 38. Rh8+ Ke7 39. Kg6 Ke6 40. Bg7 f4 41. h5 f3 42. gxf3 Rxf3 43. h6 Be7 44. Kh7 Rxb3 45. Rc8 Kf7 46. Kh8 b5 47. a5 Ra3 48. Bc3 b4 49. Bb2 Rxa5 50. h7 Ra2 51. Bg7 Rg2 52. Rc1 Rf2 53. Rc7 a5 54. Bd4 Rd2 55. Rd7 Rxd4 0-1

[Event "Buenos Aires Duchamp Memorial op 4th"]
[Site "Buenos Aires"]
[Date "2012.10.30"]
[Round "8"]
[White "Kopylov, Andres"]
[Black "Sasson, Maximiliano"]
[Result "0-1"]
[WhiteElo "1590"]
[BlackElo "1787"]
[PlyCount "60"]
[EventDate "2012.10.22"]
[EventType "swiss"]
[EventRounds "9"]
[EventCountry "ARG"]
[SourceTitle "EXT 2013"]
[Source "ChessBase"]
[SourceDate "2012.11.22"]
[SourceVersion "1"]
[SourceVersionDate "2012.11.22"]
[SourceQuality "1"]

1. e4 c5 2. Nf3 e6 3. d4 cxd4 4. Nxd4 a6 5. Nc3 Qc7 6. Bd3 Nc6 7. Be3 Nf6 8. 0-0 d6 9. Qd2 Nxd4 10. Bxd4 e5 11. Be3 b5 12. Rac1 Bb7 13. f3 Rd8 14. Be2 d5 15. Nxd5 Nxd5 16. exd5 Bxd5 17. Rfd1 Be7 18. Qe1 0-0 19. a3 Bc5 20. Qf2 Bxe3 21. Qxe3 f5 22. Rd3 f4 23. Rc3 Bc4 24. Bxc4+ bxc4 25. Qe2 Rd4 26. Kh1 Qc5 27. Re1 Re8 28. b3 Rc8 29. bxc4 Qa5 30. Qxe5 Qxe5 0-1

[Event "Buenos Aires Bolivar op 4th"]
[Site "Buenos Aires"]
[Date "2011.06.23"]
[Round "9"]
[White "Garcia Campitelli, Gonzalo"]
[Black "Sasson, Maximiliano"]
[Result "1/2-1/2"]
[WhiteElo "2074"]
[BlackElo "1679"]
[PlyCount "33"]
[EventDate "2011.06.13"]
[EventType "swiss"]
[EventRounds "9"]
[EventCountry "ARG"]
[SourceTitle "EXT 2014"]
[Source "ChessBase"]
[SourceDate "2013.11.20"]
[SourceVersion "1"]
[SourceVersionDate "2013.11.20"]
[SourceQuality "1"]

1. Nf3 Nf6 2. c4 g6 3. Nc3 c6 4. b3 Bg7 5. Bb2 d5 6. e3 Bg4 7. d4 0-0 8. Be2 c5 9. cxd5 cxd4 10. Nxd4 Bxe2 11. Ndxe2 Qa5 12. 0-0 Rd8 13. Qb1 Nxd5 14. Nxd5 Bxb2 15. Nxe7+ Kf8 16. Nxg6+ hxg6 17. Qxb2 1/2-1/2